=LDR 00000nam 2200000 4500 =001 INLIS000000000022950 =005 20130612121644 =008 ***********************************Ind** =035 ##$$0010-061300000022950 =041 ##$$a Ind =082 ##$$a 630 =090 ##$$a 630, Bra-p =100 ##$$a Bramwell, Martyn =245 ##$$a Pemahaman geografi pertanian dunia, Martyn Bramwell ; Penyunting, Corinne Stockley =260 ##$$a 2004 $b Bandung =300 ##$$a 47 hlm., ilus., 25 cm =650 ##$$a Pertanian =700 ##$$a Stockley, Cornne =850 ##$$a NBPNMAT =990 ##$$a 0001/BPAP-NTB/2015 =990 ##$$a 0001/BPAP-NTB/2016